MDQL
is popping MORE tags! Check the
thread
!
Quizzes
Events
Quiz Creation
Community
Videos
Private Events
Remove Ads
Sign In
Join for FREE
Feedback
Dark Mode
Quiz Categories
Sports
Geography
Music
Movies
Television
Just For Fun
Miscellaneous
History
Literature
Language
Science
Gaming
Entertainment
Religion
Holiday
For Kids
Quiz Lab
Recent
Popular Today
Quiz Kudos Today
Editor Picks
Curator Picks
Quizzes by...
Day
Popularity
Type
Ratings
Length
Year
Community
Subscriptions
Recent Discussions
Orange Saloon
Badges
Playlists
Quests
Create
Leaderboards
Showdown
Live 5
Trivia Bingo
Activity
Puzzle Library
Sporcle Events
Private Events
Virtual Trivia
Globe League
Become a Host
Pub Owners
SporcleCon
Opinionation
Our Games
Videos
Blog
Mobile Apps
Partnerships
Remove Ads and Go Orange
Feedback
Religion
Mythology
Religious Music
World Religions
Bible
Christianity
Catholicism
Judaism
Church
Scripture
Islam
Verse
Religion
Mythology
Religious Music
World Religions
Bible
Christianity
Catholicism
Judaism
Church
Scripture
Islam
Verse
Random Quiz
Search Sporcle
×
Quiz Lab
Quiz Lab
Religion
NIV
Type in answers that appear in a list
Type in answers that appear in a list
Classic
Best Score? Go Orange.
2 Timothy 3:16-17 (NIV) Stats
Can you recite 2 Timothy 3:16-17 (NIV)?
By
Taxmanjs
90s
30 Questions
34 Plays
34 Plays
34 Plays
Comments
Comments
Give Quiz Kudos
Give Quiz Kudos
-
- Ratings
hide this ad
Replay
Link that replays current quiz
Next Quiz
Link to next quiz in quiz playlist
You Got
0%
They Got
Avg Score
32%
Avg Friend Score
Upgrade to see
Score Distribution
Jump to the score distribution portion of the page
Score
0/30
Timer
01:30
0
Plays Today
Hint
Answer
% Correct
and
94.1%
and
94.1%
the
94.1%
God
52.9%
God
52.9%
is
47.1%
is
47.1%
in
44.1%
2 Timothy 3:16
All
35.3%
for
35.3%
be
35.3%
for
35.3%
of
32.4%
2 Timothy 3:17
so
23.5%
that
23.5%
Hint
Answer
% Correct
scripture
20.6%
breathed
20.6%
useful
17.6%
teaching
17.6%
rebuking
17.6%
training
17.6%
correcting
14.7%
righteousness
14.7%
man
14.7%
may
14.7%
good
14.7%
thoroughly
11.8%
every
8.8%
work
8.8%
equipped
5.9%
Quiz Playlist
Details
Report
Send in Message
Add To Playlist
Classic:
Type in answers that appear in a list
Last Updated: Dec 16, 2018
Quiz Scoreboard
CHALLENGE
Sign Up to Join the Scoreboard
Show All
Scores
Hide
Comments
May contain spoilers
Recently Published
Colored Red Africa Blitz
by spor1
Geography
30s
Find the 'City' Movie
by crazypaving
Movies
60s
5x2 Blitz: Bands
by SL_Kpop136
Music
30s
More to Explore
Quiz From the Vault
Featured Blog Post
14 Easter Pick-up Lines to Find Eggs With
hide this ad
You Might Also Like...
Tags
NIV
recite
Timothy
Today's Top Quizzes in Religion
Browse Religion
hide this ad
Today's Top Quizzes in NIV
Browse NIV
Top Contributed Quizzes in Religion
1
Greek Personifications
2
Christmas Pick: Christianity
3
Greek Deities by Wombo Dream Artwork
4
Mythological Creature Bunker
5
Bible Books Venn Diagram
6
Bible Figures Venn Diagram II
7
Language by 'Haggadah' Cover
8
5-to-1: Children of Gods
9
Plants of Greek Mythology (Picture Click)
10
Dogs in Mythology
Explore More
Trending Topics
Crossword
Marvel
Anime
Harry Potter
Disney
Kpop
NBA
Soccer
Country
NFL
Song
Puzzle
WWE
Pokémon
The Office
hide this ad
More By:
Taxmanjs
Quiz
Plays
Rating
Category
Featured
Created
Multiple US Open (Golf) Winners
25,610
4.36
Sports
Apr 2, 2015
Championship MVPs During the 1980s
12,123
4.43
Sports
Jul 25, 2021
Rock Musicians names Bob, Robbie or Robert
1,944
3.63
Music
Mar 26, 2020
Renamed in the Bible
1,305
4.71
Religion
Dec 16, 2019
Active home run & hits leaders going into 2018
1,133
2.75
Sports
Feb 23, 2018
Go to Creator's Profile
Score Distribution
Quiz Creator Spotlight
Taxmanjs
Follow
Send a Message
Quizzes Created
-
Created Quiz Play Count
-
More By This Creator
Popular Quizzes Today
1
5x2 Blitz: Bands
2
Find the 'City' Movie
3
Colored Red Africa Blitz
4
Find the US States - No Outlines Minefield
5
The Countries of the World
6
Find the US States
7
9x9 Crossword: Cartoon Network
8
US States
More Religion Quizzes
Search and Reveal: Greek Gods
Quiz Lab
Trending Quizzes
Colored Red Africa Blitz II
Colored Red Europe Blitz I
Christmas Pick: Judaism
Colored Red Africa Blitz III
Colored Red Europe Blitz II
Recently Updated
Champions League XIs: Real Madrid
pecheneg
Largest US Cities 1790-2010
pecheneg
Rides in Walt Disney World
pecheneg
Most Oscar Losses (Acting)
pecheneg
Beyoncé Albums
pecheneg
Leaping Animals
pecheneg
Reality TV Shows (A-Z)
bhenderson79
Rickey Henderson's Hall of Fame Teammates
pecheneg
Champions League XIs: Arsenal
pecheneg
Quick Pick: Celebrities in WWE's Hall of Fame
aduchscher
Trending Topics
Anime
Harry Potter
Marvel
Crossword
Kpop
Disney
NBA
WWE
The Office
Song
NFL
Country
Soccer
Pokémon
Puzzle
Your Account Isn't Verified!
In order to create a playlist on Sporcle, you need to verify the email address you used during registration. Go to your
Sporcle Settings
to finish the process.
Report this User
Report this user for behavior that violates our
Community Guidelines
.
Details:
Send Report
Go to the Sporcle.com Mobile Site →
Comments